Vnitropodnikové rozbory hospodářských výsledků
Zodpovedný podnikateľ, manažment atď. skúmajú, čo ovplyvňuje hospodársky výsledok. Tieto údaje plynú z účtovníctva. Po uzatvorení účtovného obdobia je možné spracovávať rôzne formy vyhodnocovacích materiálov - rozborov. Rozbor hospodárskych výsledkov. Rozbor pohľadávok a záväzkov.
Gespeichert in:
| 1. Verfasser: | |
|---|---|
| Format: | Buchkapitel |
| Sprache: | Tschechisch |
| Schlagworte: | |
| Tags: |
Keine Tags, Fügen Sie das erste Tag hinzu!
|
MARC
| LEADER | 00000naa a2200000 4500 | ||
|---|---|---|---|
| 001 | r035315 | ||
| 005 | 20230913084425.9 | ||
| 041 | 0 | |a cze | |
| 044 | |a CZ | ||
| 245 | 1 | 0 | |a Vnitropodnikové rozbory hospodářských výsledků |c Vladimír Hruška |
| 520 | |a Zodpovedný podnikateľ, manažment atď. skúmajú, čo ovplyvňuje hospodársky výsledok. Tieto údaje plynú z účtovníctva. Po uzatvorení účtovného obdobia je možné spracovávať rôzne formy vyhodnocovacích materiálov - rozborov. Rozbor hospodárskych výsledkov. Rozbor pohľadávok a záväzkov. | ||
| 610 | 2 | 0 | |a výsledok hospodársky |
| 610 | 2 | 0 | |a rozbory činnosti hospodárskej |
| 610 | 2 | 0 | |a podnik |
| 610 | 2 | 0 | |a pohľadávky |
| 610 | 2 | 0 | |a záväzky hospodárske |
| 100 | 1 | |a Hruška, Vladimír | |